01040nam a22002777a 4500003000900000005001700009008002900026020001800055040002200073082002700095245009600122260004100218300002600259500000600285650004300291650004700334650004200381650002900423650004300452650002200495700003700517700003800554710001100592740002800603740013100631DO-SdBNP20240627133559.0171123b2011 sp | 00| 0 spa d a9586074360356 aBPMSUbspacBPMSU 4a782.42bM516c 201122204aLas mejores canciones y rondas infantiles /c ilustración David Lara, Eduardo Amezcua b  aMadrid. : bEditorial Lexus, c2011 a166 p.:bil.;c28 cm. a  4aCanciones colombianas vCancioneros.  4aCompositores colombianos vBiografías.  4aMúsicos colombianos vBiografías  4aCanciones infantiles x  4a Poesía infantil vColeccionesx z  4aRondas infantiles1 a Lara, David. eilustraciones 1 aAmezcua, Eduardo eilustraciones 2 aLexus 32aEl bolero en Colombia. 32aLa canción colombiana : su historia, sus compositores, sus mejores intérpretes : 500 canciones armonizadas para guitarra.